00906nam a2200265 a 45000010008000000030009000080050017000170070008000340080039000420200015000810400022000960820015001181000018001332450108001512600038002593000028002974900021003255000032003465050154003786500019005326500021005517000016005727000031005888300021006190000420DO-SdBNP20170918103812.00000420091125s1988 sp a 000 0 spa d a847655639X aBPMSUbspacBPMSU 4a909bM645c1 aMillard, Anne10aCómo ha vivido la humanidad /cAnne Millard ; ilustraciones Sergio ; traducción Javier Gómez Rea 0 a[España] :bPlaza joven,c1988. a64 p. :bil. ;c29 cm. 1 aVentana al mundo aIncluye índice de nombres0 tGente del pasado --tCavernas protectoras --tVuelven los cazadores --tLos primeros agricultores --tLa primera ciudad --tLas ciudades-estado --tt 4aCIVILIZACIÓN 4aHISTORIA ANTIGUA02aSergioeil.1 aGómez Rea, Javieretrad. 0aVentana al mundo